Classe des minéraux - Statistiques

Statistiques générales
  • Ce quiz a été pris 13 fois
  • Le résultat moyen est 7 sur 15
Statistiques - réponses
Question Réponse % Correct
Type de classe de Biotite Phylosilicates
80%
Type de classe de Calcite Carbonates
70%
Type de classe du Quartz Techtophilicates
60%
Type de classe de la Halite Chlorures
50%
Type de classe de la Hornblend Inosilicates
50%
Type de classe du Magnétite Oxydes
50%
Type de classe de Muscovite Phylosilicates
50%
Type de classe du Gypse Sulfates
50%
Type de classe de la Pyrite Sulfures
50%
Type de classe de Serpentine Fibreuse Phylosilicates
40%
Type de classe de la Galène sulfures
40%
Type de classe de l'Hématite Oxydes
30%
Type de classe du Talc Phylosilicates
20%
Type de classe de l'Antigorite Phylosilicates
20%
Type de classe de Labradorite Tectosilicates
20%
Aucun quiz correspondant
Distribution des résultats
% des personnes avec chaque résultat
Percentile par nombre de réponses
Votre historique - résultats
Vous n’avez pas pris ce quiz